Αυτοβιογραφία
Αποθηκεύτηκε σε:
| Κύριος συγγραφέας: | |
|---|---|
| Άλλοι συγγραφείς: | , |
| Μορφή: | Βιβλίο |
| Γλώσσα: | Greek Bulgarian |
| Δημοσίευση: |
Αθήνα :
Μαύρη Λίστα,
2000.
|
| Θέματα: | |
| Ετικέτες: |
Προσθήκη ετικέτας
Δεν υπάρχουν, Καταχωρήστε ετικέτα πρώτοι!
|
MARC
| LEADER | 00000cam a2200000 i 4500 | ||
|---|---|---|---|
| 001 | 1/45895 | ||
| 008 | 070611s2000 gr | ||| |||| ||gre|| | ||
| 020 | |a 9608044103 | ||
| 035 | |l 10088237 | ||
| 040 | |a GR-MyUA |b gre |e AACR2 | ||
| 041 | 1 | |a gre |h bul | |
| 082 | 0 | |a 891.819 |2 (22) | |
| 100 | 1 | |a Purlichev, Grigor St., |d 1830-1893. | |
| 245 | 1 | 0 | |a Αυτοβιογραφία / |c Γκριγκόρ Παρλίτσεφ (Γρηγόριος Σταυρίδης) ; εισαγωγή - επιμέλεια Μίμης Σουλιώτης ; μετάφραση - σχόλια - επίμετρο Αντρέας Π. Ανδρέου. |
| 260 | |a Αθήνα : |b Μαύρη Λίστα, |c 2000. | ||
| 300 | |a 155 σ. ; |c 21 εκ. | ||
| 500 | |a Μετάφραση από τα βουλγαρικά | ||
| 500 | |a Περιέχει επίμετρο: "Ο Γκριγκόρ Παρλίτσεφ (Γρηγόριος Σταυρίδης) και η εποχή του" | ||
| 500 | |a Τίτλος πρωτοτύπου: Autoviographia. | ||
| 504 | |a Περιλαμβάνει βιβλιογραφία (σ. 25-26) και ευρετήριο. | ||
| 600 | 1 | 0 | |a Purlichev, Grigor St., |d 1830-1893 |x Biography. |
| 650 | 0 | 0 | |a Authors, Bulgarian |y 19th century |x Biography. |
| 650 | 0 | 0 | |a National characteristics, Balkan. |
| 700 | 1 | |a Σουλιώτης, Μίμης |d 1949-2012, |e aui |e edt | |
| 700 | 1 | |a Ανδρέου, Αντρέας Π. |e trl | |
| 852 | |a INST |b LESVOS |e 20070611 |h 891.819 PUR |p 005100038096 |q 005100038096 |t BK |y 0 | ||
| 901 | |a BIBL1-2007-2 | ||
| 909 | |a Λ |b 135088 | ||
| 922 | |a 1ΕΛΗ |b 200705 |c ΕΠΕΑΕΚ2/ΤΚΑ |d Σ. ΠΑΤΑΚΗΣ | ||
| 970 | |a ΚΑΡΑ |b ΓΙΑΣΕΜΗ |z 2007/06/11 | ||